000 01934cam a2200421 a 4500
999 _c1845
_d1845
001 005273983
003 OCoLC
005 20230207111318.0
008 111102r20111955enkb 000 1 eng d
020 _a9780261103597
035 _a(OCoLC)759570642
040 _aNLE
_beng
_cNLE
_dTRACS
_dOCLCO
_dOCLCF
_dN15
_dOCLCA
_dOCLCQ
_dOCLCO
_dOCL
_dOCLCO
_dOCLCA
_dOCL
_dOCLCA
_dNITA
_dKH8
042 _anbic
082 _a823.912 TOL
100 1 0 _aTolkien, J. R. R.
_q(John Ronald Reuel),
_d1892-1973.
245 1 4 _aThe return of the king /
_cby J.R.R. Tolkien.
260 _aLondon :
_bHarperCollins,
_c2011.
300 _aix, pages 748-1178 :
_bmaps ;
_c18 cm.
336 _atext
_btxt
_2rdacontent.
337 _aunmediated
_bn
_2rdamedia.
338 _avolume
_bnc
_2rdacarrier.
490 1 _aLord of the rings ;
_vpt. 3.
500 _aOriginally published: London : George Allen & Unwin, 1955.
520 _aConcluding the story begun in The Hobbit, this is the final part of Tolkien's epic masterpiece, The Lord of the Rings. Featuring a striking black cover based on Tolkien's own design, the definitive text, and a detailed map of Middle-earth. The armies of the Dark Lord are massing as his evil shadow spreads ever wider. Men, Dwarves, Elves and Ents unite forces to do battle agains the Dark. Meanwhile, Frodo and Sam struggle further into Mordor in their heroic quest to destroy the One Ring.
600 1 0 _aBaggins, Frodo
_vFiction.
650 0 _aMiddle Earth (Imaginary place)
_vFiction.
650 0 _aHobbits (Fictitious characters)
_vFiction.
650 0 _aGood and evil
_vFiction.
650 0 _aWizards
_vFiction.
650 0 _aMagic
_vFiction.
650 0 _aDwarfs
_vFiction.
650 0 _aElves
_vFiction.
650 0 _aGoblins
_vFiction.
650 0 _aDragons
_vFiction.
650 0 _aFantasy fiction.
800 1 _aTolkien, J. R. R.
_q(John Ronald Reuel),
_d1892-1973.
_tLord of the rings ;
_vpt. 3.
942 _2ddc
_cNFIC